000 00655nam a22002052 4500
001 0000004042
005 20170406115520.0
008 140806s xx 000 0 eng d
020 _a0881841684 :
_c$
040 _aYour Holding Symbol
_cYour Holding Symbol
100 1 _aEminence Grey.
245 1 0 _aAldous Huxley :
_ba brilliant study of politics, morals, and mysticism /
_cGrey Eminence.
250 _a ed.
260 _aNew York :
_bCarroll and Graf Publishers, Inc.,
_c1941.
300 _a342 p. ;
_c cm.
504 _aIncludes Index.
591 _a2005
_bDonation
_cArrupe
650 0 _aEnglish Literature.
908 _a140806
999 _c3885
_d3885